000 01229nam a2200229 i 4500
001 153034
003 ES-MaACL
005 20250928113612.0
008 990929m18621867sp |||| | spa d
040 _aCCPB | B
_bspa
_cCCPB | B
245 0 0 _aTraducción al castellano de los Usages y demás derechos de Cataluña que no están derogados o no son notoriamente inútiles, con indicación del contenido de estos y de las disposiciones por las que han venido a serlo, ilustrada con notas sacadas de los más clásicos autores del principado /
_cPedro Nolasco Vives y Cebriá.
250 _a2ª ed. corr. y aum.
260 _aMadrid :
_bLibrería de Emilio Font ;
_aBarcelona :
_bLibreria del Plus Ultra,
_c1862-1867 (
_eBarcelona :
_fImp. de Luis Tasso)
300 _a5 t. en 2 v. ;
_c22 cm.
596 _aTº I. (1864) -- Tº II. (1862) --Tº. III. (1862) -- Tº IV (1863) -- Tº V: Indice general (1867)
597 _aTº. I.(324 p.) -- Tº II. (306 p.) -- Tº III. (351 p.) -- Tº IV (312 p.) -- Tº V (200 p.)
650 4 _aDerecho-
_zCataluña-
_vFuentes.
_9163483
700 1 _aVives y Cebriá, Pedro Nolasco,
_d1794-1874
_9133805
852 _aES-MaACL
_jC-620-21
999 _c153034
_d153034